|
|
|
|
| LEADER |
00000ny a22000003n 4500 |
| 003 |
OCoLC |
| 005 |
20081013033459.0 |
| 008 |
040128d19uu9999us qr p 0 a0eng d |
| 022 |
0 |
|
|a 1549-9502
|
| 035 |
|
|
|a 5129
|
| 040 |
|
|
|a IBI
|c IBI
|d vLex
|
| 043 |
|
|
|a n-us---
|a cl-----
|
| 050 |
0 |
0 |
|a E184.S75
|b L38
|
| 050 |
0 |
0 |
|a E184.S75
|b J72
|
| 050 |
0 |
0 |
|a E184.S75
|b J72
|
| 082 |
0 |
0 |
|a 973.0468
|2 20
|
| 090 |
|
|
|c 1904
|d 1904
|
| 245 |
0 |
4 |
|a The journal of Latino - Latin American studies
|h [Recurso electrn̤ico]
|
| 246 |
3 |
|
|a Journal of Latino Latin American studies
|
| 256 |
|
|
|a Servicio en ln̕ea
|
| 260 |
|
|
|a Estados Unidos :
|b The journal of Latino - Latin American studies
|
| 310 |
|
|
|a Trimestral
|
| 506 |
1 |
|
|a Contenido solo disponible en los productos indicados
|d vLex Global
|d vLex Global (Academic Edition, excluding Law Schools)
|d vLex Global (U.S. Academic Edition, excluding Law Schools)
|
| 650 |
0 |
4 |
|a Amřica latina
|x Publicaciones perid̤icas
|
| 650 |
0 |
4 |
|a Estudios Culturales
|z Amřica latina
|x Publicaciones perid̤icas
|
| 740 |
|
|
|a vLex Revista (Servicios en ln̕ea)
|
| 843 |
|
|
|a Electrn̤ica. Abierta
|
| 853 |
|
|
|8 1
|i (year)
|j (month)
|k (day)
|
| 856 |
4 |
0 |
|z Acceso restringido
|u http://vlex.com/account/login_ip?fuente_id=5129
|
| 942 |
|
|
|c REV
|
| 999 |
|
0 |
|a Hispanic Americans
|v Periodicals.
|
| 999 |
|
0 |
|a Latin America
|v Periodicals.
|